A medence kötőszövetes terei és a perineum
Elmentve itt :
| Szerző: | |
|---|---|
| Dokumentumtípus: | Videó |
| Megjelent: |
2021-04-26
|
| Kulcsszavak: | anatómia szövettan |
| Tárgyszavak: | |
| Online Access: | http://eta.bibl.u-szeged.hu/5577 |
| LEADER | 00808ngm a2200229 i 4500 | ||
|---|---|---|---|
| 001 | eta5577 | ||
| 005 | 20220419100732.0 | ||
| 008 | 210427s2021 hu o 0|| hun d | ||
| 040 | |a SZTE Elektronikus Tananyag Archívum |b hun | ||
| 041 | |a hun | ||
| 100 | 1 | |a Dobó Endre | |
| 245 | 1 | 2 | |a A medence kötőszövetes terei és a perineum |h [elektronikus dokumentum] / |c Dobó Endre |
| 246 | 1 | 0 | |a Pelvic connective tissue structures and the perineum |h [elektronikus dokumentum] |
| 260 | |c 2021-04-26 | ||
| 516 | |a Video | ||
| 650 | 4 | |a Orvos- és egészségtudomány | |
| 650 | 4 | |a Általános orvostudomány | |
| 650 | 4 | |a Anatómia és morfológia | |
| 650 | 4 | |a Humán anatómia | |
| 695 | |a anatómia | ||
| 695 | |a szövettan | ||
| 856 | 4 | 0 | |u https://eta.bibl.u-szeged.hu/5577/1/211_hun_-_medence_perineum.mp4 |z Dokumentum-elérés |